000 00461cam a2200157ua 4500
003 OSt
005 20260420141734.0
008 260420b |||||||| |||| 00| 0 eng d
041 _aeng
082 _a660
_bDAN/TE
100 _aDana Salisbury, Edward .
_97947
245 _aText book of mineralogy with an extended treatise on crystallography and physical mineralogy /
260 _aMumbai :
_bAsia Publishing House ,
_c1962.
300 _a851 ; .
942 _cBK
999 _c9672
_d9672